000
00259nam a2200097Ia 4500
001
1117865
005
20250827004114.0
008
250824s9999 xx 000 0 und d
245
0
_a
SADRÜŞŞERİA W16 6
_c
SEZAİ BEKDEMİR
260
_b
HİKMETEVİ YAYINLARI
999
_c
1117865
_d
1117865